000 00654nam a22002177a 4500
003 UA-OsUOA
001 48119
007 ta
008 20070830b un ||||| |||| 00| 0 ukr d
090 _a82.09
_bП35
942 _cBK
040 _aUA-OsUOA
_bukr
_cUA-OsUOA
_dUA-OsUOA
245 _aПисьменники соціалістичних країн Європи і сучасний літературний процес
300 _a325 с.
955 _a2
041 _aukr
080 _a82.09
260 _aК.
_bНаукова думка
_c1982
650 7 _a82 Література. Літературознавство
_2UDC
999 _c334224
_d334224